000 00910nam a22003010a 4500
001 PT52024
003 AR-LpoUNG
005 20210131231453.0
008 191001s2010||||ag |||||||||||||||||spa d
040 _aAR-LpoUNG
_bspa
_cAR-LpoUNG
_eaacr
041 _aspa
044 _aag
082 0 _a808.068 3 665lib
245 1 3 _aEl libro de lectura del Bicentenario
250 _a1ra. ed.
260 _aBuenos Aires :
_bMinisterio de Educación de la Nación,
_c2010.
300 _a189 p. :
_bil., grafs., fot., mapas
505 0 _aSugerido a partir de 14 años (etiqueta VERDE)
650 4 _aARGENTINA
650 4 _aCUENTOS
650 4 _aLITERATURA
651 4 _aDOCUMENTOS TEORICOS O METODOLOGICOS
653 _aBICENTENARIO
653 _aLITERATURA INFANTOJUVENIL
710 2 _aArgentina. Ministerio de Educación. Dirección Nacional de Gestión Educativa
905 _a52024
942 _cLIB
999 _c10216
_d10216